[Event "Catalunya-chT Gp2"]
[Site "Barcelona"]
[Date "2024.02.03"]
[Round "3.9"]
[White "Mompel Ferruz, Xavier"]
[Black "Moya Nunez, Pau Salvador"]
[Result "1-0"]
[WhiteElo "2148"]
[BlackElo "2130"]
[PlyCount "119"]
[EventDate "2024.01.20"]
[EventType "team-tourn"]
[EventRounds "7"]
[EventCountry "ESP"]
[SourceTitle "CB11_2024"]
[SourceDate "2024.03.13"]
[SourceVersion "1"]
[SourceVersionDate "2024.03.13"]
[SourceQuality "1"]
[WhiteTeam "Barcelona Escacs CC"]
[BlackTeam "Foment Martinenc"]
[WhiteTeamCountry "ESP"]
[BlackTeamCountry "ESP"]

1. e4 c5 2. Nf3 g6 3. c3 d5 4. e5 Bg4 5. Bb5+ Nc6 6. 0-0 Bg7 7. d4 Bxf3 8. Qxf3 cxd4 9. cxd4 e6 10. Bxc6+ bxc6 11. Qc3 Rc8 12. b4 Ne7 13. Nd2 0-0 14. Nb3 Nf5 15. g4 Ne7 16. f4 Rc7 17. Bd2 Nc8 18. Qg3 f5 19. g5 Nb6 20. Na5 Qd7 21. Rfc1 Rfc8 22. Qb3 Bf8 23. Rc3 Nc4 24. Nxc4 dxc4 25. Rxc4 c5 26. bxc5 Bxc5 27. dxc5 Qxd2 28. Rac1 Rd7 29. Qc2 Qe3+ 30. Qf2 Qxf2+ 31. Kxf2 Rd2+ 32. Kg3 Rxa2 33. Rd1 Ra5 34. c6 Rd5 35. Rb1 Rdd8 36. Rb7 a5 37. Ra7 a4 38. Raxa4 Rc7 39. Ra3 Rdc8 40. Rac3 h6 41. h4 hxg5 42. hxg5 Kf7 43. Kf2 Ke7 44. Ke3 Rd8 45. Rd3 Rdc8 46. Rd6 Rb8 47. Rcd4 Rb3+ 48. Rd3 Rb4 49. Rd7+ Rxd7 50. Rxd7+ Ke8 51. Rg7 Re4+ 52. Kd3 Kd8 53. Rxg6 Rxf4 54. Rxe6 Rg4 55. g6 Kc7 56. Ke3 Re4+ 57. Kf3 Rg4 58. Rf6 Kd8 59. Rf8+ Kc7 60. e6 1-0

[Event "Foment Martinenc op-A 23rd"]
[Site "Barcelona"]
[Date "2023.05.27"]
[Round "6"]
[White "Moya Nunez, Pau Salvador"]
[Black "Uber Gracia, Hugo"]
[Result "1-0"]
[WhiteElo "2154"]
[BlackElo "2104"]
[PlyCount "53"]
[EventDate "2023.04.22"]
[EventType "swiss"]
[EventRounds "9"]
[EventCountry "ESP"]
[SourceTitle "EXT 2024"]
[Source "ChessBase"]
[SourceDate "2023.10.10"]
[SourceVersion "1"]
[SourceVersionDate "2023.10.10"]
[SourceQuality "1"]

1. e4 d5 2. exd5 Qxd5 3. Nc3 Qd8 4. d4 Nf6 5. Nf3 g6 6. Bc4 Bg7 7. 0-0 0-0 8. Re1 Nc6 9. h3 b6 10. Bg5 Bb7 11. Qd2 a6 12. a4 Qd6 13. Rad1 e6 14. Bf4 Qb4 15. b3 Rac8 16. Ne5 Nxe5 17. dxe5 Nd7 18. Nd5 Qxd2 19. Ne7+ Kh8 20. Rxd2 Rcd8 21. Red1 Rfe8 22. Rxd7 Rxd7 23. Rxd7 Bf8 24. Bg5 Bxe7 25. Bxe7 Bc8 26. Bf6+ Kg8 27. Rxc7 1-0

[Event "Foment Martinenc op-A 23rd"]
[Site "Barcelona"]
[Date "2023.05.20"]
[Round "5"]
[White "Palmer Pifarre, Joaquin"]
[Black "Moya Nunez, Pau Salvador"]
[Result "1/2-1/2"]
[WhiteElo "1567"]
[BlackElo "2154"]
[PlyCount "66"]
[EventDate "2023.04.22"]
[EventType "swiss"]
[EventRounds "9"]
[EventCountry "ESP"]
[SourceTitle "EXT 2024"]
[Source "ChessBase"]
[SourceDate "2023.10.10"]
[SourceVersion "1"]
[SourceVersionDate "2023.10.10"]
[SourceQuality "1"]

1. e4 c5 2. Nf3 g6 3. Nc3 Bg7 4. Bc4 Nc6 5. a3 e6 6. d3 Nge7 7. 0-0 0-0 8. Bf4 d5 9. Ba2 a6 10. Qd2 b5 11. Bh6 b4 12. axb4 cxb4 13. Bxg7 Kxg7 14. exd5 exd5 15. Ne2 Qd6 16. Qf4 Rd8 17. Qxd6 Rxd6 18. Ned4 Be6 19. Bb3 Nf5 20. Nxc6 Rxc6 21. h3 a5 22. g4 Nd6 23. Nd4 Rca6 24. Ba4 h5 25. Nxe6+ fxe6 26. Rfe1 Kf6 27. Re3 R8a7 28. Rae1 Re7 29. Bb3 Raa7 30. Rf3+ Kg7 31. Rfe3 Kf6 32. Rf3+ Kg7 33. Rfe3 Kf6 1/2-1/2

[Event "Foment Martinenc op-A 23rd"]
[Site "Barcelona"]
[Date "2023.04.22"]
[Round "1"]
[White "Vasilev, Andrei"]
[Black "Moya Nunez, Pau Salvador"]
[Result "1/2-1/2"]
[WhiteElo "1842"]
[BlackElo "2154"]
[PlyCount "64"]
[EventDate "2023.04.22"]
[EventType "swiss"]
[EventRounds "9"]
[EventCountry "ESP"]
[SourceTitle "EXT 2024"]
[Source "ChessBase"]
[SourceDate "2023.10.10"]
[SourceVersion "1"]
[SourceVersionDate "2023.10.10"]
[SourceQuality "1"]

1. d4 Nf6 2. c4 g6 3. Nc3 d5 4. cxd5 Nxd5 5. Bd2 Nb6 6. Nf3 Bg7 7. Bf4 0-0 8. e3 c5 9. dxc5 N6d7 10. Bc4 Nxc5 11. Qxd8 Rxd8 12. Nd5 Nc6 13. Nc7 Rb8 14. Nd5 e5 15. Bg5 Rd6 16. Rd1 Kf8 17. b4 Ne6 18. Bh4 h6 19. g4 Ng5 20. Nxg5 hxg5 21. Bxg5 Bxg4 22. Rd2 Bf3 23. 0-0 Bxd5 24. Rxd5 Rxd5 25. Bxd5 Nxb4 26. e4 f6 27. Be3 Nxd5 28. exd5 Ke7 29. Bxa7 Ra8 30. Bc5+ Kd7 31. Rb1 Ra5 32. a3 Kc8 1/2-1/2

[Event "Catalunya-chT Gp1 Final"]
[Site "Barcelona"]
[Date "2023.04.15"]
[Round "3.8"]
[White "Nadal Fajardo, Ricard"]
[Black "Moya Nunez, Pau Salvador"]
[Result "1/2-1/2"]
[WhiteElo "2081"]
[BlackElo "2161"]
[PlyCount "32"]
[EventDate "2023.03.18"]
[EventType "team-k.o."]
[EventRounds "3"]
[EventCountry "ESP"]
[SourceTitle "EXT 2024"]
[Source "ChessBase"]
[SourceDate "2023.10.10"]
[SourceVersion "1"]
[SourceVersionDate "2023.10.10"]
[SourceQuality "1"]
[WhiteTeam "Platja D'Aro"]
[BlackTeam "Foment Martinenc"]
[WhiteTeamCountry "ESP"]
[BlackTeamCountry "ESP"]

1. d4 Nf6 2. c4 g6 3. Nc3 d5 4. cxd5 Nxd5 5. g3 Bg7 6. Bg2 Nb6 7. e3 0-0 8. Nge2 c6 9. 0-0 e5 10. b3 Bg4 11. f3 Be6 12. dxe5 Bxe5 13. f4 Bg7 14. Bb2 Nd5 15. Qc1 Nxc3 16. Bxc3 Re8 1/2-1/2

[Event "Catalunya-chT Gp1"]
[Site "Barcelona"]
[Date "2023.01.28"]
[Round "2.9"]
[White "Moya Nunez, Pau Salvador"]
[Black "Obon Temprano, Sergi"]
[Result "0-1"]
[WhiteElo "2153"]
[BlackElo "2193"]
[PlyCount "108"]
[EventDate "2023.01.21"]
[EventType "team-tourn"]
[EventRounds "7"]
[EventCountry "ESP"]
[SourceTitle "CBM 213 Extra"]
[Source "ChessBase"]
[SourceDate "2023.05.31"]
[SourceVersion "1"]
[SourceVersionDate "2023.05.31"]
[SourceQuality "1"]
[WhiteTeam "Foment Martinenc"]
[BlackTeam "Barbera"]
[WhiteTeamCountry "ESP"]
[BlackTeamCountry "ESP"]

1. e4 e5 2. Nf3 Nc6 3. d4 exd4 4. Nxd4 Bc5 5. Be3 Qf6 6. c3 Nge7 7. Bc4 Ne5 8. Be2 d5 9. f4 Qh4+ 10. g3 Qh6 11. Qd2 Ng4 12. Bxg4 Bxg4 13. e5 0-0-0 14. b4 Bxd4 15. Bxd4 Qa6 16. Kf2 h5 17. h4 f6 18. exf6 gxf6 19. a4 Nf5 20. b5 Qd6 21. Na3 Rde8 22. Rhe1 Rxe1 23. Qxe1 Nxh4 24. Nc2 Nf5 25. Ne3 Nxe3 26. Qxe3 Bd7 27. Bc5 Qe6 28. Qxe6 Bxe6 29. Re1 Kd7 30. Bxa7 b6 31. a5 bxa5 32. Ra1 h4 33. gxh4 Rxh4 34. Be3 Rh2+ 35. Kf3 Rh3+ 36. Kf2 Bg4 37. Bd4 Rf3+ 38. Kg2 Rxf4 39. Kg3 Re4 40. Bxf6 a4 41. Bd4 Be2 42. Rxa4 Bxb5 43. Ra5 c6 44. Kf3 Kd6 45. Ra8 Re1 46. Rd8+ Kc7 47. Rh8 Re6 48. Rh7+ Kd6 49. Rb7 Re4 50. Rf7 c5 51. Rf6+ Ke7 52. Rf5 Be2+ 53. Kf2 cxd4 54. Rxd5 dxc3 0-1

[Event "ESP-ch U18"]
[Site "Salobrena"]
[Date "2022.08.03"]
[Round "4"]
[White "Vazquez Gomez, Marcos"]
[Black "Moya Nunez, Pau Salvador"]
[Result "1-0"]
[WhiteElo "1869"]
[BlackElo "2085"]
[PlyCount "55"]
[EventDate "2022.08.01"]
[EventType "swiss"]
[EventRounds "9"]
[EventCountry "ESP"]
[SourceTitle "EXT 2023"]
[Source "ChessBase"]
[SourceDate "2022.10.05"]
[SourceVersion "1"]
[SourceVersionDate "2022.10.05"]
[SourceQuality "1"]

1. e4 c5 2. b3 g6 3. Bb2 Nf6 4. e5 Nd5 5. Qf3 Nb4 6. Na3 Bg7 7. Qg3 d6 8. Nf3 N8c6 9. h4 Bf5 10. 0-0-0 0-0 11. h5 Nxe5 12. h6 Bf6 13. Nxe5 dxe5 14. Bxe5 Qa5 15. Kb2 Bxc2 16. Bxf6 Bxd1 17. Bxe7 Nc6 18. Nc4 Qb4 19. Bxf8 Rd8 20. Bd6 b5 21. Qc3 Qxc3+ 22. Kxc3 bxc4 23. Bxc5 cxb3 24. axb3 Bg4 25. Bb5 Rc8 26. d4 Be6 27. Ra1 Bxb3 28. Kxb3 1-0

[Event "Foment Martinenc op-A 22nd"]
[Site "Barcelona"]
[Date "2022.04.23"]
[Round "1"]
[White "De Lomas Busquets, Alba"]
[Black "Moya Nunez, Pau Salvador"]
[Result "0-1"]
[WhiteElo "1837"]
[BlackElo "2044"]
[PlyCount "110"]
[EventDate "2022.04.23"]
[EventType "swiss"]
[EventRounds "9"]
[EventCountry "ESP"]
[SourceTitle "EXT 2023"]
[Source "ChessBase"]
[SourceDate "2022.10.05"]
[SourceVersion "1"]
[SourceVersionDate "2022.10.05"]
[SourceQuality "1"]

1. d4 d5 2. Nf3 Nf6 3. e3 c5 4. b3 cxd4 5. exd4 Nc6 6. Bb2 Bg4 7. Be2 e6 8. 0-0 Bd6 9. Ne5 Bxe2 10. Qxe2 0-0 11. Nd2 Rc8 12. c4 Bb8 13. Nxc6 Rxc6 14. Nf3 Ne4 15. Rfd1 Re8 16. Ne5 Rc8 17. Qh5 Qf6 18. f3 g6 19. Qh6 Nd6 20. Ng4 Qd8 21. c5 Nf5 22. Qd2 Kg7 23. b4 h5 24. Ne5 f6 25. Nd3 Qc7 26. f4 g5 27. g3 g4 28. Qe2 Kf7 29. Re1 Qd7 30. b5 b6 31. c6 Qe7 32. a4 Rh8 33. Kg2 h4 34. Rh1 Rh7 35. a5 Rch8 36. Qf2 hxg3 37. hxg3 Qf8 38. Rxh7+ Rxh7 39. Rh1 Qh8 40. Rxh7+ Qxh7 41. axb6 axb6 42. Nb4 Qh3+ 43. Kg1 Nxg3 44. Qg2 Qh4 45. Qh2 Qxh2+ 46. Kxh2 Bxf4 47. Na6 Ne4+ 48. Kg2 Ke8 49. Ba3 Kd8 50. Nb4 Nc3 51. Nd3 Be3 52. Bd6 Nxb5 53. Bh2 Bxd4 54. Nf4 Nc7 55. Nd3 e5 0-1

[Event "Catalunya-chT Gp1"]
[Site "Barcelona"]
[Date "2022.01.22"]
[Round "1.10"]
[White "Moya Nunez, Pau Salvador"]
[Black "Garcia Lopez, Nicolas"]
[Result "0-1"]
[WhiteElo "2022"]
[BlackElo "2031"]
[PlyCount "104"]
[EventDate "2022.01.22"]
[EventType "team-tourn"]
[EventRounds "9"]
[EventCountry "ESP"]
[SourceTitle "CBM 206 Extra"]
[Source "ChessBase"]
[SourceDate "2022.03.31"]
[SourceVersion "1"]
[SourceVersionDate "2022.03.31"]
[SourceQuality "1"]
[WhiteTeam "Foment Martinenc"]
[BlackTeam "Sant Andreu"]
[WhiteTeamCountry "ESP"]
[BlackTeamCountry "ESP"]

1. e4 d6 2. d4 Nf6 3. Nc3 Nbd7 4. Nf3 e5 5. Bc4 Be7 6. 0-0 c6 7. a4 a5 8. h3 Qc7 9. Re1 h6 10. Qe2 Nf8 11. Be3 g5 12. Nh2 Rg8 13. Ng4 Bxg4 14. hxg4 Qc8 15. f3 h5 16. gxh5 Nxh5 17. Qf2 Ng6 18. Bf1 g4 19. fxg4 Ngf4 20. Qf3 Qxg4 21. Qxg4 Rxg4 22. Ne2 0-0-0 23. Nxf4 Nxf4 24. Bxf4 Rxf4 25. Bd3 Rh8 26. Re3 exd4 27. Rh3 Rg8 28. Rf1 Rfg4 29. Rf2 Kd8 30. Re2 Bg5 31. Kh2 Bf4+ 32. Kh1 Be3 33. Kh2 R8g7 34. g3 Kc7 35. Rg2 Bf4 36. Be2 R4g5 37. Bd3 Kb6 38. b3 Kc5 39. Kg1 Bxg3 40. Kf1 b5 41. axb5 cxb5 42. Rh8 Rg8 43. Rh7 R5g7 44. Rh5+ Be5 45. Rf2 a4 46. bxa4 bxa4 47. Ke2 a3 48. Rh1 Rg1 49. Rf1 Rxh1 50. Rxh1 a2 51. Ra1 Ra8 52. Kd1 Kb4 0-1

[Event "Platja d'Aro op 8th"]
[Site "Platja d'Aro"]
[Date "2021.06.30"]
[Round "7"]
[White "Villanueva, Mario Nicolas"]
[Black "Moya Nunez, Pau Salvador"]
[Result "1-0"]
[WhiteElo "2480"]
[BlackElo "2078"]
[PlyCount "53"]
[EventDate "2021.06.25"]
[EventType "swiss"]
[EventRounds "9"]
[EventCountry "ESP"]
[SourceTitle "CBM 203 Extra"]
[Source "ChessBase"]
[SourceDate "2021.09.30"]
[SourceVersion "1"]
[SourceVersionDate "2021.09.30"]
[SourceQuality "1"]

1. e4 c5 2. Nf3 d6 3. d4 cxd4 4. Nxd4 Nf6 5. Nc3 Nc6 6. Bb5 Bd7 7. Bg5 e6 8. Qd3 a6 9. Bxc6 bxc6 10. 0-0-0 h6 11. Bh4 g5 12. Bg3 e5 13. Nf5 Bxf5 14. exf5 Qa5 15. h4 Rg8 16. hxg5 hxg5 17. Kb1 Rb8 18. Ne4 Nxe4 19. Qxe4 Qc3 20. b3 Rb4 21. Qe2 a5 22. Qa6 Rb8 23. Bxe5 dxe5 24. Qa7 Rd8 25. Rxd8+ Kxd8 26. Rd1+ Kc8 27. Rd7 1-0

[Event "Catalunya-ch U18/20"]
[Site "Salou"]
[Date "2021.03.31"]
[Round "8"]
[White "Alvarez Albiol, Victor"]
[Black "Moya Nunez, Pau Salvador"]
[Result "1/2-1/2"]
[WhiteElo "2246"]
[BlackElo "2016"]
[PlyCount "44"]
[EventDate "2021.03.27"]
[EventType "swiss"]
[EventRounds "9"]
[EventCountry "ESP"]
[SourceTitle "CBM 202 Extra"]
[Source "ChessBase"]
[SourceDate "2021.07.31"]
[SourceVersion "1"]
[SourceVersionDate "2021.07.31"]
[SourceQuality "1"]

1. e4 g6 2. d4 Bg7 3. Nc3 d6 4. Be3 a6 5. a4 Nd7 6. Qd2 c5 7. d5 Qa5 8. Nd1 Qxd2+ 9. Bxd2 Ndf6 10. Nc3 Nh6 11. Bc4 0-0 12. f4 Ne8 13. Nf3 Bg4 14. Kf2 Bxf3 15. Kxf3 f5 16. Rhe1 Bd4 17. h3 g5 18. g3 Ng7 19. e5 g4+ 20. Kg2 gxh3+ 21. Kxh3 Ng4 22. Kg2 Kh8 1/2-1/2

[Event "Barcelona Sant Marti op 21st"]
[Site "Barcelona"]
[Date "2019.07.16"]
[Round "4"]
[White "Moya Nunez, Pau Salvador"]
[Black "Moskalenko, Viktor"]
[Result "0-1"]
[WhiteElo "1994"]
[BlackElo "2500"]
[PlyCount "64"]
[EventDate "2019.07.13"]
[EventType "swiss"]
[EventRounds "9"]
[EventCountry "ESP"]
[SourceTitle "EXT 2020"]
[Source "ChessBase"]
[SourceDate "2019.10.17"]
[SourceVersion "1"]
[SourceVersionDate "2019.10.17"]
[SourceQuality "1"]

1. e4 g6 2. d4 Bg7 3. Nc3 c6 4. h3 d6 5. Bg5 Qb6 6. Nge2 Qxb2 7. Rb1 Qa3 8. Qd2 Qa5 9. g3 Nd7 10. Bg2 Ngf6 11. 0-0 0-0 12. Nd5 Qd8 13. Nxf6+ exf6 14. Be3 Nb6 15. Qb4 f5 16. exf5 Bxf5 17. Rfc1 Re8 18. g4 Be4 19. Bxe4 Rxe4 20. Ng3 Re8 21. c4 d5 22. c5 Nc4 23. Nf1 b5 24. Re1 Qh4 25. Kg2 f5 26. Nh2 fxg4 27. hxg4 Re4 28. Qc3 Rf8 29. Rb2 Nxe3+ 30. fxe3 Bxd4 31. exd4 Rxe1 32. Qg3 Rg1+ 0-1

[Event "Barcelona Sant Marti op 21st"]
[Site "Barcelona"]
[Date "2019.07.14"]
[Round "2"]
[White "Moya Nunez, Pau Salvador"]
[Black "Lopez Gonzalez, Abel Fabian"]
[Result "0-1"]
[WhiteElo "1994"]
[BlackElo "2355"]
[PlyCount "88"]
[EventDate "2019.07.13"]
[EventType "swiss"]
[EventRounds "9"]
[EventCountry "ESP"]
[SourceTitle "EXT 2020"]
[Source "ChessBase"]
[SourceDate "2019.10.17"]
[SourceVersion "1"]
[SourceVersionDate "2019.10.17"]
[SourceQuality "1"]

1. e4 e5 2. Nc3 Nf6 3. g3 d5 4. exd5 Nxd5 5. Bg2 Nxc3 6. bxc3 Bc5 7. Nf3 Nc6 8. 0-0 0-0 9. Re1 Qf6 10. d3 Bb6 11. Be3 Bg4 12. h3 Bh5 13. g4 Bg6 14. Qd2 Ba5 15. Rad1 Qd6 16. Qc1 Bxc3 17. Bd2 Qc5 18. Bxc3 Qxc3 19. Qb1 Rab8 20. Qb3 Qxb3 21. axb3 f6 22. Nh4 Nd4 23. Nxg6 hxg6 24. c3 Nb5 25. c4 Nd4 26. Rb1 a5 27. Rb2 g5 28. Ra1 b6 29. Raa2 c5 30. Bd5+ Kh7 31. Kg2 g6 32. Ra1 Kg7 33. Re1 Rh8 34. f3 Rh7 35. Kg3 Rbh8 36. Rh1 Kf8 37. Be4 Rh6 38. Kg2 Ne6 39. Kg3 Nf4 40. Rbh2 Ke7 41. Kf2 Ke6 42. Ke3 f5 43. Bb7 Rh4 44. Bc6 Nxh3 0-1

[Event "Foment Martinenc op-A 21st"]
[Site "Barcelona"]
[Date "2019.05.18"]
[Round "4"]
[White "Moya Nunez, Pau Salvador"]
[Black "Lacasta Palacio, Joaquim"]
[Result "1/2-1/2"]
[WhiteElo "1893"]
[BlackElo "2080"]
[PlyCount "72"]
[EventDate "2019.04.27"]
[EventType "swiss"]
[EventRounds "9"]
[EventCountry "ESP"]
[SourceTitle "EXT 2020"]
[Source "ChessBase"]
[SourceDate "2019.10.17"]
[SourceVersion "1"]
[SourceVersionDate "2019.10.17"]
[SourceQuality "1"]

1. e4 c5 2. Nc3 a6 3. a4 Nc6 4. g3 g6 5. Bg2 Bg7 6. d3 e6 7. Be3 d6 8. Qd2 Rb8 9. Nge2 Nd4 10. 0-0 Ne7 11. f4 0-0 12. g4 f5 13. gxf5 exf5 14. Ng3 b6 15. Kh1 Bb7 16. Rae1 d5 17. e5 Ne6 18. d4 c4 19. b3 cxb3 20. cxb3 Qd7 21. Nge2 Bc6 22. Ra1 Rfc8 23. b4 Bb7 24. Rfb1 Rc4 25. Rb3 Rbc8 26. Raa3 Bf8 27. a5 b5 28. Ra1 Nc7 29. Rab1 Nc6 30. Na2 Rd8 31. R1b2 Be7 32. Kg1 Qe8 33. Bf3 Qf8 34. Rb1 Rd7 35. Ng3 Nd8 36. Ne2 Nde6 1/2-1/2